000 00645nam a2200241Ia 4500
003 OSt
005 20230428102644.0
008 210423s2009 xx 000 0 und d
020 _a-
040 _cAL
041 _aeng
082 _a338.954
_223
_bMISS
100 _aMISRA (S K);PURI (V K)
_983306
245 _aIndian economy: its development experience
250 _a27
260 _aMumbai
_bHimalaya Publishing House
_c2009
300 _axxviii,850
_bPB
365 _b440
_cINR
650 _aEconomics
_983307
650 _aIndian Economy
_983308
906 _adevelopment ; economy: ; experience ; Indian ; its
942 _2ddc
_cBK
999 _c156901
_d156901